Numbers, groups, and codes

Saved in:
Bibliographic Details
Main Author: Humphreys, J. F.
Other Authors: Prest, Mike
Format: Book
Language:English
Published: Cambridge, UK ; New York, NY : Cambridge University Press, c2004, (printing 2007)
Edition:2nd ed.
Subjects:
Tags: Add Tag
No Tags, Be the first to tag this record!

MARC

LEADER 00000nam a2200000 i 4500
001 1/74525
008 080215s20042007 eng d
020 |a 978-0-521-54050-6 
035 |l 10094671 
040 |a GR-MY-UA  |b gre  |e aacr 
041 0 |a eng 
082 0 |a 512.2  |2 (22) 
100 1 |a Humphreys, J. F. 
245 1 0 |a Numbers, groups, and codes /  |c J.F. Humphreys, M.Y. Prest 
250 |a 2nd ed. 
260 |a Cambridge, UK ; New York, NY :   |b Cambridge University Press,   |c c2004, (printing 2007) 
300 |a xvi, 338 σ.;  |b εικ.;  |c 23 εκ. 
504 |a Περιέχει βιβλιογραφικές παραπομπές (σ. 323-325) και ευρετήριο 
650 0 0 |a Group theory. 
650 0 0 |a Number theory. 
700 1 |a Prest, Mike. 
852 |a INST  |b SAMOS  |e 20080215  |h 512.2 HUM  |p 005300026861  |q 005300026861  |t BK  |y 0 
901 |a BIBL3-2008-1 
909 |a Σ  |b 142365 
922 |a 3ΕΛΗ  |b 200712  |c ΕΠΕΑΕΚ2/ΤΜΗΜΑ ΜΑΘΗΜΑΤΙΚΩΝ  |d ΕΛΕΥΘΕΡΟΥΔΑΚΗΣ 
970 |a ΡΟΥΣΣΟΥ  |b ΚΩΝΣΤΑΝΤΙΝΑ  |z 2008/02/15